000
00332 a2200157 4500
001
58148
020
_a
9788502066991
040
_c
Anchieta - Pituba
100
_a
Palaoro, V. J.
240
1
0
_a
Contos caipiras
_l
por
245
1
0
_a
Contos caipiras
300
_a
158
362
0
_a
2008
650
4
_a
Literatura juvenil
942
_c
BK
999
_c
58148
_d
58148